DidInfo 2003 : Konf., 20. - 21. 3. 2003 /

Uloženo v:
Podrobná bibliografie
Hlavní autor: Bílová, Anna
Korporativní autor: Konf
Médium: Konferenční příspěvek Kniha
Jazyk:slovenština
Vydáno: Banská Bystrica : Univerzita Mateja Bela v Banskej Bystrici, 2003
Vydání:1. vyd.
Témata:
ISBN:8080557861
On-line přístup: Získat plný text
Tagy: Přidat tag
Žádné tagy, Buďte první, kdo vytvoří štítek k tomuto záznamu!

MARC

LEADER 00000nam a2200000 4500
003 SK-BrCVT
005 20220617211521.0
008 030902s2003 xo e ||||||slo d
020 |a 8080557861 
035 |a CVTIDW0969347 
040 |b slo  |a CVTI SR 
041 0 |a slo 
044 |a xo 
080 |a 004:37  |2 UDC-MRF 
100 1 |a Bílová, Anna 
111 0 |a Konf.  |f 20. - 21. 3. 2003 
245 1 0 |a DidInfo 2003 :  |b Konf., 20. - 21. 3. 2003 /  |c Autori: Anna Bílová a kol. 
250 |a 1. vyd. 
260 |a Banská Bystrica :  |b Univerzita Mateja Bela v Banskej Bystrici,  |c 2003 
300 |a 157 s. :  |b fotogr., grafy, lit., obr., tab. ; 
653 1 |a multimediálny program  |a informačná technológia  |a učiteľ  |a vzdelávanie  |a vyučovací proces 
910 |b A588148 
919 |a 80-8055-786-1 
974 |f Knihy 
992 |a AZN 
999 |c 127483  |d 127483